Ist Management erlenbar?

Rozhovor s Dr. E. Pritschom a Dr. R. Sauerom z Hochschule für LPG Meissen o možnostiach osvojenia managementu vlastným ďalším vzdelávaním a praktickými skúsenosťami. Vymedzenie základných funkcií managementu. Faktory, ktoré ovplyvňujú štýl managementu.

Saved in:
Bibliographic Details
Main Author: Pritscha, E.
Other Authors: Sauer, R.
Format: Book Chapter
Language:German
Subjects:
Tags: Add Tag
No Tags, Be the first to tag this record!

MARC

LEADER 00000naa a2200000 4500
001 r002049
005 20220818101615.9
041 0 |a ger 
044 |a DE 
245 1 0 |a Ist Management erlenbar?  |c E. Pritscha, R. Sauer 
520 |a Rozhovor s Dr. E. Pritschom a Dr. R. Sauerom z Hochschule für LPG Meissen o možnostiach osvojenia managementu vlastným ďalším vzdelávaním a praktickými skúsenosťami. Vymedzenie základných funkcií managementu. Faktory, ktoré ovplyvňujú štýl managementu. 
610 2 0 |a školy vysoké 
610 2 0 |a Meissen 
610 2 0 |a manažment 
610 2 0 |a vzdelávanie 
610 2 0 |a vzdelanie ekonomické 
100 1 |a Pritscha, E. 
700 1 |a Sauer, R.